| 000 | 02335cam a22002414a 4500 | ||
|---|---|---|---|
| 005 | 20250605163945.0 | ||
| 008 | 250528s ||||||||||||||||||||||||d | ||
| 035 | _a15191 | ||
| 020 | _a395356741 | ||
| 040 |
_aGR-AtMCL _bgre _dGR-AtMCL _eAACR2 |
||
| 245 | 1 | _aBusiness / Second Edition | |
| 250 | _a2nd | ||
| 260 |
_bHoughton Mifflin Company, _c1988 |
||
| 300 | _a766 | ||
| 505 | 0 | _aAmerican Business Today, Foundations of Business, Social Responsibility in Business, The Forms of Business Ownership, Small Business and Entrepreneurship, Management and Organization, The Management Process, Creating the Organization, Operations Management, The Human Resource, People and Motivation in Business, Human Resources Management, Union-Management Relations, Marketing, An Overview of Marketing, Product and Price, Wholesaling and Retailing and Physical Distribution, Promotion, Finance and Investment, Money and Banking and Credit, Financial Management, Personal Investment, Risk Management and Insurance, Information for Business, Accounting, Management Information and Computers, The Business Environment, Business Law, Government Assistance and Regulation and Taxation, International Business, Appendix/ Careers in Business, Notes, Glossary, Index of Names and Subjects. | |
| 520 | _aAmerican Business Today, Foundations of Business, Social Responsibility in Business, The Forms of Business Ownership, Small Business and Entrepreneurship, Management and Organization, The Management Process, Creating the Organization, Operations Management, The Human Resource, People and Motivation in Business, Human Resources Management, Union-Management Relations, Marketing, An Overview of Marketing, Product and Price, Wholesaling and Retailing and Physical Distribution, Promotion, Finance and Investment, Money and Banking and Credit, Financial Management, Personal Investment, Risk Management and Insurance, Information for Business, Accounting, Management Information and Computers, The Business Environment, Business Law, Government Assistance and Regulation and Taxation, International Business, Appendix/ Careers in Business, Notes, Glossary, Index of Names and Subjects. | ||
| 700 | 1 |
_aHughes Robert J _91066 |
|
| 700 | 1 |
_aKapoor Jack R _91067 |
|
| 700 | 1 |
_aPride William M _91068 |
|
| 942 | _cBK | ||
| 999 |
_c785 _d785 |
||